UBT Library

French Politics and Society (Record no. 56044)

000 -LEADER
fixed length control field 00265nam a22001217a 4500
008 - FIXED-LENGTH DATA ELEMENTS--GENERAL INFORMATION
fixed length control field 210309b ||||| |||| 00| 0 eng d
041 ## - LANGUAGE CODE
Language code of text/sound track or separate title eng
080 ## - UNIVERSAL DECIMAL CLASSIFICATION NUMBER
Universal Decimal Classification number 32
100 ## - Rafti
Rafti 21
101 ## - Shkurtesa
Shkurtesa SHP
245 ## - TITLE STATEMENT
Title French Politics and Society
Statement of responsibility, etc Hoffman,S
942 ## - ADDED ENTRY ELEMENTS (KOHA)
Source of classification or shelving scheme
Item type Books
Holdings
Withdrawn status Lost status Source of classification or shelving scheme Damaged status Not for loan Collection code Permanent location Current location Shelving location Date acquired Total Checkouts Full call number Barcode Date last seen Price effective from Koha item type
          Koleksioni i përgjithshem UBT - Lipjan UBT - Lipjan Koleksioni i përgjithshem 03/09/2021   32 HOF 002-7001346002-70013 03/09/2021 03/09/2021 Books
UBT Library © 2015-2024. All rights reserved University Education for Business and Technology